000
00259nam a2200109Ia 4500
008
190216s9999||||xx |||||||||||||| ||und||
100
_a
Chellappan Nair N P
245
0
_a
Malakkukalum Ibileesukalum
260
_b
Null
650
_a
Malayalam Novel
942
_c
BK
999
_c
24857
_d
24857